Most Populous Massachusetts Municipalities in 1900 - Statistics

General Stats
  • This quiz has been taken 4 times
  • The average score is 17 of 20
Answer Stats
Population County Status Municipality % Correct
560,892 Suffolk City Boston
100%
91,886 Middlesex City Cambridge
100%
104,863 Bristol City Fall River
100%
62,559 Essex City Lawrence
100%
94,969 Middlesex City Lowell
100%
68,513 Essex City Lynn
100%
62,442 Bristol City New Bedford
100%
61,643 Middlesex City Somerville
100%
62,059 Hampden City Springfield
100%
118,421 _________ City Worcester
100%
40,063 Plymouth City Brockton
75%
34,072 Suffolk City Chelsea
75%
37,175 Essex City Haverhill
75%
33,587 Middlesex City Newton
75%
35,956 Essex City Salem
75%
31,036 Bristol City Taunton
75%
31,531 Worcester City Fitchburg
50%
26,121 Essex City Gloucester
50%
45,712 Hampden City Holyoke
50%
33,664 Middlesex City Malden
50%
No matching quizzes found
Score Distribution
Percent of People with Each Score
Percentile by Number Answered
Your Score History
You have not taken this quiz